000 01166nam0a22003011 4500
001 rc\3545678
005 20260406200744.0
021 _aRU
_b[69-76995]
035 _a(NLR Aleph) 007672783
090 _a6452681
_c6452681
100 _a20130115d1969 |||y0rusy50 ca
101 0 _arus
102 _aRU
105 _aa z |||||
200 1 _aВопросы эффективности фотосинтеза
_e[Сборник статей
_fОтв. ред. В. Росс]
_gАН ЭССР. Ин-т физики и астрономии
210 _aТарту
_cБ. и.
_d1969
215 _a175 с.
_cчерт.
_d20
225 1 _a[Работы по международной биологической программе]
300 _aРезюме статей на англ. яз.
320 _aБиблиогр. в конце статей
606 _aФотосинтез
_jСборники
_2psbo
702 1 _aРосс
_bВ.
_4340
712 0 2 _aИнститут физики и астрономии
_cТарту
_3RU\NLR\AUTH\889960304
_9416855
801 0 _aRU
_bNLR
_gpsbo
801 1 _aRU
_bELAR
_2rusmarc
852 _aNLR
_j69-3/6921
942 _cBOOK
980 _aNB